000 00821nam a22002897a 4500
001 0016668
003 KOHA_MİRAKIL
005 20260416163602.0
007 ta
008 100421b2007 tu |||gr||||#0|||1|tur |
020 _a9789944997140
040 _aTR-BiSEU
_btur
_cTR-BiSEU
_erda
041 0 _atur
044 _ctu
050 _aPL248.O44
_bS43 2007
100 0 _aÖmer Seyfeddin,
_d1884-1920
245 1 _aSeçme hikayeler ve yalnız efe/
_cÖmer Seyfettin ; Ömer Seyfettin; editör Kübra Andı.
264 1 _aİstanbul :
_b3F Yayınları
_c2007
300 _a192 sayfa; 20 cm.
336 _ametin
_btxt
_2rdacontent
337 _aaracısız
_bn
_2rdamedia
338 _acilt
_bnc
_2rdacarrier
490 1 _aYayın No ;14.
830 1 _aYayın No ;14.
_938605
907 _aRoman
942 _2lcc
_cBK
999 _c16629
_d16629